000 00636nam a2200181Ia 4500
008 090124s9999 xx 000 0 und d
082 _b128730
100 _aमहाजन सुशिला
245 _a डाव मांडियेला ( आत्मचरित्र )
250 _a1
260 _c1998
300 _a206
600 _aमहाजन सुशिला
630 _a डाव मांडियेला ( आत्मचरित्र )
700 _aमहाजन सुशिला
730 _a डाव मांडियेला ( आत्मचरित्र )
942 _cBOOK
999 _c174819
_d174819